000 00726cam a2200181 i 4500
005 20251221094828.0
008 250721s1997 sy gr 000 0 ara d
082 1 4 _a218.2
_bط ر ط
100 1 _aالطرطوشي، أبو بكر محمد بن الوليد
_dالمتوفى 520-525ه،
_eمؤلف.
245 1 0 _aكتاب الحوداث و البدع /
_cابو بكر محمد بن الوليد الطرطوشي ؛ ضبطه وعلق عليه د. سليمان المدني.
250 _aالطبعه الاولى.
264 3 1 _aدمشق :
_bالحكمة،
_c1997.
300 _a144 صفحة.
650 1 7 _aالبدع.
700 1 _aالمدني، سليمان
_eتحقيق
942 _2ddc
_cBK
999 _c44053
_d44053